[Event "Ostersund Jamt Cup"]
[Site "Ostersund"]
[Date "2019.12.26"]
[Round "4"]
[White "Johansson, Henrik"]
[Black "Zackrisson, Sune"]
[Result "1-0"]
[WhiteElo "1674"]
[BlackElo "1618"]
[PlyCount "37"]
[EventDate "2019.12.26"]
[EventType "swiss"]
[EventRounds "7"]
[EventCountry "SWE"]
[SourceTitle "CBM 194 Extra"]
[Source "ChessBase"]
[SourceDate "2020.03.31"]
[SourceVersion "1"]
[SourceVersionDate "2020.03.31"]
[SourceQuality "1"]

1. d4 e6 2. Nf3 d5 3. e3 Nf6 4. Bd3 a6 5. b3 c5 6. Bb2 Nc6 7. a3 Be7 8. Nbd2 b5 9. dxc5 Bxc5 10. 0-0 Be7 11. Ne5 Nxe5 12. Bxe5 0-0 13. f4 Bb7 14. Rf3 d4 15. Rh3 dxe3 16. Bxf6 gxf6 17. Bxh7+ Kg7 18. Qg4+ Kh8 19. Bf5# 1-0

[Event "Ostersund Jamt Cup"]
[Site "Ostersund"]
[Date "2019.12.26"]
[Round "3"]
[White "Zackrisson, Sune"]
[Black "Fahlberg, Kenneth"]
[Result "0-1"]
[WhiteElo "1618"]
[BlackElo "1789"]
[PlyCount "107"]
[EventDate "2019.12.26"]
[EventType "swiss"]
[EventRounds "7"]
[EventCountry "SWE"]
[SourceTitle "CBM 194 Extra"]
[Source "ChessBase"]
[SourceDate "2020.03.31"]
[SourceVersion "1"]
[SourceVersionDate "2020.03.31"]
[SourceQuality "1"]

1. d4 d5 2. Bf4 c5 3. e3 Qb6 4. Nc3 e6 5. dxc5 Bxc5 6. Na4 Qa5+ 7. c3 Bd7 8. Nxc5 Qxc5 9. Nf3 Nf6 10. Be2 Nc6 11. 0-0 0-0 12. Nd2 h6 13. Nb3 Qe7 14. Nd4 e5 15. Nxc6 bxc6 16. Bg3 Ne4 17. Bd3 Nxg3 18. hxg3 f5 19. Qe2 Qg5 20. Rad1 f4 21. gxf4 exf4 22. f3 fxe3 23. Bc2 Rad8 24. Rd3 Bf5 25. Rd4 Bxc2 26. Qxc2 Rfe8 27. Qe2 Re7 28. Rd3 Qe5 29. f4 Qe6 30. Rf3 Rde8 31. b3 Qf5 32. g3 Qe4 33. Kg2 c5 34. g4 d4 35. cxd4 cxd4 36. Kg3 Rf8 37. a4 g6 38. b4 Ref7 39. Qd1 Rxf4 40. Rxf4 Qxf4+ 41. Kh3 Qf3+ 42. Qxf3 Rxf3+ 43. Kg2 Rf4 44. Kg3 g5 45. b5 Re4 46. Rd1 e2 47. Re1 d3 48. Kf3 Re7 49. a5 Kf7 50. b6 axb6 51. axb6 Ke8 52. Ra1 d2 53. Ra2 e1Q 54. Ra3 0-1